000 00462nam a2200181Ia 4500
001 12887
005 20260306163013.0
008 260306t1963||||xx |||||||||||||| ||spa||
041 _aESP
082 _aRD 443
_bG317
100 _aLarrieu, Robert
_eAUT
245 0 _aDiccionario moderno español - francés y francés - español
260 _c1963
300 _axli : 591 páginas :
_c20 cm.
650 _aGEN
654 _aCHU
942 _cDIC
_dJUS
_fJUS
_2ddc
_n
999 _c12887
_d12887